| 000 | 00846nas a2200289 4500 | ||
|---|---|---|---|
| 001 | BR2018000780 | ||
| 003 | BR-BrBNA | ||
| 005 | 20231205131311.0 | ||
| 007 | ta | ||
| 008 | 230509b bl.|||p| |||| 00| 00por d | ||
| 040 |
_aBR-BrBNA _bpor _cBiblioteca Nacional de Agricultura |
||
| 041 | _a(En) | ||
| 072 | _aE70; M12 | ||
| 100 | 1 | _aInoue, L.A.K.A. | |
| 100 | 1 | _aAfonso, L.O.B. | |
| 100 | 1 | _aIkawa, G.K | |
| 100 | 1 | _aMoraes, G. | |
| 245 | 1 | _aEffects of clove oil on the stress response of matrinxã (Brycon cephalus)subjected to trasnport | |
| 650 | _aMATRINXA | ||
| 650 | _aTRANSPORTE | ||
| 650 | _aOLEO VEGETAL | ||
| 650 | _aCRAVO | ||
| 650 | _aSTRESS | ||
| 773 | 0 |
_tActa Amazônica (Brazil) _xISSN 0044-5967 _g(Apr 2005), v. 35(2) p. 289-295 _wBR2018000780 |
|
| 909 |
_a202311 _bLúcia _c55 _dLúcia Elande |
||
| 942 |
_2AGRIS _n0 _cANA |
||
| 999 |
_c254060 _d254060 |
||